000 00258nam a22000977a 4500
008 170120b xxu||||| |||| 00| 0 eng d
041 _aeng
080 _27TH
_a618.2
245 _aLEADERSHIP ROLES AND MANAGEMET FUNCTIONS IN NUSING
_cMARQUIS, B.L
942 _2udc
_cBK
999 _c3272
_d3272